Detalles MARC
| 000 -LEADER |
| fixed length control field |
02176nam a2200421 a 4500 |
| 001 - CONTROL NUMBER |
| control field |
00164 |
| 003 - CONTROL NUMBER IDENTIFIER |
| control field |
DO-SdBNP |
| 005 - DATE AND TIME OF LATEST TRANSACTION |
| control field |
20180313123018.0 |
| 007 - PHYSICAL DESCRIPTION FIXED FIELD--GENERAL INFORMATION |
| fixed length control field |
00164 |
| 008 - FIXED-LENGTH DATA ELEMENTS--GENERAL INFORMATION |
| fixed length control field |
150130s2001 dr 2001 000 0 spa d |
| 020 ## - INTERNATIONAL STANDARD BOOK NUMBER |
| International Standard Book Number |
8482613383 |
| 040 ## - CATALOGING SOURCE |
| Original cataloging agency |
BPMSU |
| Language of cataloging |
spa |
| Transcribing agency |
BPMSU |
| 082 ## - DEWEY DECIMAL CLASSIFICATION NUMBER |
| Classification number |
373.7 |
| Item number |
M425e 1ro 2001 |
| 092 ## - LOCALLY ASSIGNED DEWEY CALL NUMBER (OCLC) |
| Classification number |
|
| 245 10 - TITLE STATEMENT |
| Title |
Matemáticas 1: |
| Remainder of title |
[educación media] / |
| Statement of responsibility, etc. |
Orelvis Féliz... [et. al.] ; editor Andrés Molina Maloon. |
| 260 ## - PUBLICATION, DISTRIBUTION, ETC. (IMPRINT) |
| Place of publication, distribution, etc. |
Santo Domingo : |
| Name of publisher, distributor, etc. |
Santillana, |
| Date of publication, distribution, etc. |
2001. |
| 300 ## - PHYSICAL DESCRIPTION |
| Extent |
279 p. : |
| Other physical details |
il., retrs. ; |
| Dimensions |
28 cm. |
| 490 1# - SERIES STATEMENT |
| Series statement |
Umbral |
| 500 ## - GENERAL NOTE |
| General note |
Primero de bachillerato. - 1er. curso/Primer Ciclo |
| 505 1# - FORMATTED CONTENTS NOTE |
| Title |
Unidad 1. - Lógica simbólica -- |
| -- |
Unidad 2. - Teoría de conjuntos -- |
| -- |
Unidad 3 - Operaciones conjuntistas -- |
| -- |
Proyecto: El crecimiento de las plantas, la humedad y la luz (I) -- |
| -- |
Unidad 4. - Introducción al álgrebra -- |
| -- |
Unidad 5.- Operaciones algebraicas -- |
| -- |
Unidad 6.- Factorización de polinomios -- |
| -- |
Unidad 7.- Ecuaciones de primer grado -- |
| -- |
Unidad 8.- Inecuaciones -- |
| -- |
Proyecto: El crecimiento de las plantas, la humedad y la luz (II) -- |
| -- |
Unidad 9.- Intervalos -- |
| -- |
Unidad 10 .- Fracciones algebraicas -- |
| -- |
Proyecto: ¿Cómo rebota una bola? (I) -- |
| -- |
Unidad 11 .- Los números complejos -- |
| -- |
Unidad 12.- Ecuaciones cuadráticas -- |
| -- |
Unidad 13.- Proporcionalidad y semejanza -- |
| -- |
Unidad 14. -Ángulos. Medidas angulares -- |
| -- |
Unidad 15. -Geometría del espacio -- |
| -- |
Unidad 16 .- Estadística y probabilidades -- |
| 650 #4 - SUBJECT ADDED ENTRY--TOPICAL TERM |
| Topical term or geographic name as entry element |
MATEMÁTICAS |
| General subdivision |
ESTUDIOS Y EJERCICIOS |
| 650 #4 - SUBJECT ADDED ENTRY--TOPICAL TERM |
| Topical term or geographic name as entry element |
EDUCACIÓN SECUNDARIA |
| Geographic subdivision |
REPÚBLICA DOMINICANA |
| 650 #4 - SUBJECT ADDED ENTRY--TOPICAL TERM |
| Topical term or geographic name as entry element |
EDUCACIÓN SECUNDARIA |
| General subdivision |
LIBROS DE TEXTOS |
| 650 #4 - SUBJECT ADDED ENTRY--TOPICAL TERM |
| Topical term or geographic name as entry element |
MATEMÁTICAS |
| General subdivision |
EDUCACIÓN SECUNDARIA |
| 700 1# - ADDED ENTRY--PERSONAL NAME |
| Personal name |
Féliz, Orelvis |
| 700 1# - ADDED ENTRY--PERSONAL NAME |
| Personal name |
Laurens, Ramón |
| 700 1# - ADDED ENTRY--PERSONAL NAME |
| Personal name |
Toribio, César |
| 700 1# - ADDED ENTRY--PERSONAL NAME |
| Personal name |
Cueto, Ramón |
| 700 12 - ADDED ENTRY--PERSONAL NAME |
| Personal name |
Núñez, Ruddy, |
| Relator term |
il. |
| 700 1# - ADDED ENTRY--PERSONAL NAME |
| Personal name |
García de Escobar, Obdulia |
| Relator term |
ed. |
| 700 12 - ADDED ENTRY--PERSONAL NAME |
| Personal name |
Molina Maloon, Andrés, |
| Relator term |
ed. |
| 830 #0 - SERIES ADDED ENTRY--UNIFORM TITLE |
| Uniform title |
Umbral |
| 910 ## - USER-OPTION DATA (OCLC) |
| User-option data |
Validado. Control de calidad MFF |
| 942 ## - ADDED ENTRY ELEMENTS (KOHA) |
| Source of classification or shelving scheme |
Dewey Decimal Classification |
| Koha item type |
Libros |
| 945 ## - LOCAL PROCESSING INFORMATION (OCLC) |
| a |
Inventariado, 2018 /LP |
| 956 ## - LOCAL ELECTRONIC LOCATION AND ACCESS (OCLC) |
| Host name |
VMATEO |
| Access number |
10 |
| Compression information |
20150717 |
| Logon |
BPMSU |
| Processor of request |
00151 |
| 956 ## - LOCAL ELECTRONIC LOCATION AND ACCESS (OCLC) |
| Host name |
BTAVÁREZ |
| Access number |
10 |
| Compression information |
20160407 |
| Logon |
BPMSU |
| Processor of request |
00164 |